[Event "Junior Online 4NCL Division 4"]
[Site "online"]
[Date "2021.09.30"]
[EventDate "2021.09.30"]
[Round "4.101"]
[White "Bhatia, Jai"]
[WhiteElo "1233"]
[WhiteTeam "Chess Challengers C"]
[Black "Sewell, John"]
[BlackElo "1150"]
[BlackTeam "Staffordshire Oatcakes"]
[Result "1-0"]
[PlyCount "51"]

1. e4 e5 2. Nf3 Nc6 3. Nc3 Nf6 4. Bb5 a6 5. Bxc6 dxc6 6. d3 Bd6 7. Bg5 h6 8. Be3 O-O 9. h3 Re8 10. g4 Be6 11. Qe2 b5 12. Qf1 g5 13. Qe2 Qd7 14. h4 Nxg4 15. hxg5 Nxe3 16. Qxe3 Bf8 17. gxh6 f6 18. h7+ Kh8 19. Nh4 Bf7 20. Nf5 Bg6 21. Qg3 Bxh7 22. O-O-O b4 23. Rdg1 Bc5 24. Nd1 Rg8 25. Qh2 Rg2 26. Rxg2 1-0

[Event "Junior Online 4NCL Division 4"]
[Site "online"]
[Date "2021.09.30"]
[EventDate "2021.09.30"]
[Round "4.102"]
[White "Birch, Cade"]
[WhiteElo "1100"]
[WhiteTeam "Staffordshire Oatcakes"]
[Black "Pyla, Akhil"]
[BlackElo "1314"]
[BlackTeam "Chess Challengers C"]
[Result "0-1"]
[PlyCount "60"]

1. d4 Nf6 2. Bf4 g6 3. Nf3 Bg7 4. e3 d6 5. Nbd2 Nc6 6. Bd3 O-O 7. Qe2 Nb4 8. O-O-O Bg4 9. h3 Bxf3 10. Qxf3 Nxd3+ 11. cxd3 Rc8 12. Qxb7 c5 13. dxc5 Rxc5+ 14. Kb1 Nd5 15. Qxa7 Qc8 16. g3 Nxf4 17. gxf4 Rb5 18. Qxe7 Bxb2 19. Qe4 Qb8 20. Nb3 Bg7 21. Qc4 Rc8 22. Qa4 Rb4 23. Qa3 Rc7 24. Rc1 Rcb7 25. Rc3 Bxc3 26. Rc1 Bd2 27. Rd1 Rxb3+ 28. axb3 Rxb3+ 29. Qxb3 Qxb3+ 30. Ka1 Bc3# 0-1

[Event "Junior Online 4NCL Division 4"]
[Site "online"]
[Date "2021.09.30"]
[EventDate "2021.09.30"]
[Round "4.103"]
[White "Jha, Aarush"]
[WhiteElo "1311"]
[WhiteTeam "Chess Challengers C"]
[Black "Sohi, Sehej"]
[BlackElo "984"]
[BlackTeam "Staffordshire Oatcakes"]
[Result "1-0"]
[PlyCount "53"]

1. e4 e5 2. Nf3 Nc6 3. Nc3 Nf6 4. Nxe5 Nxe5 5. d4 Nc6 6. d5 Ne5 7. f4 Ng6 8. e5 Nh5 9. d6 cxd6 10. exd6 Nhxf4 11. Bxf4 Nxf4 12. Nb5 Nd5 13. Qxd5 Rb8 14. Nc7+ Qxc7 15. dxc7 Ra8 16. O-O-O Be7 17. Bc4 Rf8 18. Rhf1 a6 19. Rxf7 Rg8 20. Rf8+ Rxf8 21. Qd4 Bg5+ 22. Kb1 Rf4 23. Re1+ Kf8 24. Qd6+ Be7 25. Qxf4+ Bf6 26. Qd6+ Be7 27. Qxe7# 1-0

[Event "Junior Online 4NCL Division 4"]
[Site "online"]
[Date "2021.09.30"]
[EventDate "2021.09.30"]
[Round "4.104"]
[White "Birch, Cara"]
[WhiteElo "900"]
[WhiteTeam "Staffordshire Oatcakes"]
[Black "Rajaram, Dilip"]
[BlackElo "1206"]
[BlackTeam "Chess Challengers C"]
[Result "0-1"]
[PlyCount "52"]

1. d4 d5 2. Nf3 Nc6 3. Bg5 Bf5 4. Nc3 Nb4 5. Rc1 f6 6. Bf4 g5 7. Bd2 g4 8. Nh4 e6 9. Nb5 Nxa2 10. Ra1 Nb4 11. Bxb4 Bxb4+ 12. c3 Bd6 13. Nxd6+ cxd6 14. e3 a6 15. Qa4+ b5 16. Qb4 Ne7 17. Bxb5+ axb5 18. Rxa8 Qxa8 19. Qxb5+ Kf7 20. O-O h5 21. g3 e5 22. Nxf5 Nxf5 23. e4 dxe4 24. h3 gxh3 25. Kh2 e3 26. fxe3 Qg2# 0-1

[Event "Junior Online 4NCL Division 4"]
[Site "online"]
[Date "2021.09.30"]
[EventDate "2021.09.30"]
[Round "4.105"]
[White "Sewell, John"]
[WhiteElo "1150"]
[WhiteTeam "Staffordshire Oatcakes"]
[Black "Bhatia, Jai"]
[BlackElo "1233"]
[BlackTeam "Chess Challengers C"]
[Result "0-1"]
[PlyCount "38"]

1. d4 d5 2. Nf3 Nc6 3. g3 Nf6 4. Bg2 Be6 5. Bf4 Bg4 6. Nbd2 Ne4 7. e3 Nxd2 8. Qxd2 e6 9. O-O-O Bb4 10. c3 Be7 11. h3 Bxf3 12. Bxf3 a5 13. Kb1 a4 14. a3 Na5 15. Be2 Nb3 16. Qd3 g5 17. Qb5+ c6 18. Qxb7 Na5 19. Qb6 Qxb6 0-1

[Event "Junior Online 4NCL Division 4"]
[Site "online"]
[Date "2021.09.30"]
[EventDate "2021.09.30"]
[Round "4.106"]
[White "Pyla, Akhil"]
[WhiteElo "1314"]
[WhiteTeam "Chess Challengers C"]
[Black "Birch, Cade"]
[BlackElo "1100"]
[BlackTeam "Staffordshire Oatcakes"]
[Result "1-0"]
[PlyCount "59"]

1. d4 f5 2. c4 Nf6 3. Nc3 Nc6 4. Nf3 e6 5. Bg5 Be7 6. e3 O-O 7. Be2 d6 8. O-O b6 9. Nd2 Bb7 10. Bf3 Qd7 11. Re1 d5 12. cxd5 exd5 13. Bxf6 Bxf6 14. Bxd5+ Kh8 15. Qf3 Rae8 16. Re2 Bg5 17. Rae1 f4 18. Qh5 Rf5 19. Be4 g6 20. Qh3 a6 21. Bxf5 gxf5 22. Nf3 Rg8 23. Nxg5 Rxg5 24. exf4 Rg4 25. d5 Nd4 26. Re8+ Kg7 27. R8e7+ Qxe7 28. Rxe7+ Kh8 29. Qh6 Rg7 30. Qxg7# 1-0

[Event "Junior Online 4NCL Division 4"]
[Site "online"]
[Date "2021.09.30"]
[EventDate "2021.09.30"]
[Round "4.107"]
[White "Sohi, Sehej"]
[WhiteElo "984"]
[WhiteTeam "Staffordshire Oatcakes"]
[Black "Jha, Aarush"]
[BlackElo "1311"]
[BlackTeam "Chess Challengers C"]
[Result "0-1"]
[PlyCount "76"]

1. e4 c5 2. Nf3 e6 3. Bc4 Nc6 4. Nc3 a6 5. O-O b5 6. Bd3 c4 7. Be2 Nge7 8. d3 d5 9. dxc4 dxc4 10. Qd2 Qxd2 11. Bxd2 g6 12. Ne5 Nxe5 13. Be3 Bg7 14. Rad1 O-O 15. b3 f5 16. exf5 Nxf5 17. Bc5 Rf7 18. bxc4 Nxc4 19. Bxc4 bxc4 20. Rd8+ Bf8 21. Bxf8 Rxf8 22. Rd3 cxd3 23. cxd3 Bb7 24. Na4 Rfd8 25. Nc5 Ra7 26. Nxe6 Rxd3 27. Nc5 Rc3 28. Na4 Ra3 29. Nc5 Rxa2 30. Nd3 Be4 31. Nb4 Ra4 32. Nc6 Bxc6 33. Rc1 Rc7 34. Re1 Be4 35. Rd1 Bd3 36. g4 Rxg4+ 37. Kh1 Be4+ 38. f3 Bxf3# 0-1

[Event "Junior Online 4NCL Division 4"]
[Site "online"]
[Date "2021.09.30"]
[EventDate "2021.09.30"]
[Round "4.108"]
[White "Rajaram, Dilip"]
[WhiteElo "1206"]
[WhiteTeam "Chess Challengers C"]
[Black "Birch, Cara"]
[BlackElo "900"]
[BlackTeam "Staffordshire Oatcakes"]
[Result "1-0"]
[PlyCount "59"]

1. e4 e5 2. Nf3 Nc6 3. Bc4 Nf6 4. Ng5 d6 5. Nxf7 Qe7 6. Nxh8 g6 7. Nc3 Qg7 8. Nf7 Be6 9. Bxe6 Nd4 10. Bc4 Nc6 11. Nb5 Rc8 12. Be6 Rb8 13. Nxc7+ Ke7 14. d3 Nd4 15. Bg5 Nxe6 16. Nxe6 Qxf7 17. Nxf8 Rxf8 18. Qf3 d5 19. exd5 Kd6 20. Bxf6 Qxd5 21. Be7+ Kxe7 22. Qxd5 Rd8 23. Qxe5+ Kd7 24. O-O-O Re8 25. Qg7+ Re7 26. Qd4+ Ke8 27. Rde1 Rxe1+ 28. Rxe1+ Kf8 29. Qf6+ Kg8 30. Re8# 1-0

[Event "Junior Online 4NCL Division 4"]
[Site "online"]
[Date "2021.09.30"]
[EventDate "2021.09.30"]
[Round "4.111"]
[White "Szajman, Noah"]
[WhiteElo "714"]
[WhiteTeam "Edgware Gambits K"]
[Black "Ciutac, Stefan"]
[BlackElo "1080"]
[BlackTeam "Chess Challengers E"]
[Result "0-1"]
[PlyCount "56"]

1. e4 d6 2. d4 g6 3. Nf3 Bg7 4. Nc3 Nf6 5. Bd3 O-O 6. Be3 Re8 7. O-O e5 8. dxe5 dxe5 9. Nxe5 Rxe5 10. Bd4 Qxd4 11. Rb1 Nc6 12. Nb5 Qd7 13. Na3 Rg5 14. Nc4 Qh3 15. Ne3 Ne5 16. Bb5 a6 17. Bd3 b5 18. b3 Nxd3 19. cxd3 Nh5 20. f3 Qe6 21. d4 b4 22. d5 Qb6 23. Qd2 Bh3 24. Rb2 Bxb2 25. Qxb2 Qxe3+ 26. Rf2 Rxg2+ 27. Kh1 Qe1+ 28. Rf1 Qxf1# 0-1

[Event "Junior Online 4NCL Division 4"]
[Site "online"]
[Date "2021.09.30"]
[EventDate "2021.09.30"]
[Round "4.113"]
[White "Iyer, Pranav"]
[WhiteElo "700"]
[WhiteTeam "Edgware Gambits K"]
[Black "Moiseev, Mikhail"]
[BlackElo "1070"]
[BlackTeam "Chess Challengers E"]
[Result "0-1"]
[PlyCount "142"]

1. e4 e5 2. Nf3 Nc6 3. Bc4 h6 4. O-O Be7 5. h3 Nf6 6. Nc3 O-O 7. d3 d6 8. Be3 Bd7 9. Qd2 Qc8 10. Rad1 Be6 11. Bb5 Nd4 12. Nxd4 exd4 13. Bxd4 c5 14. Be3 a6 15. Ba4 b5 16. Bb3 Bxb3 17. cxb3 b4 18. Nd5 Qc6 19. Nxe7+ Kh7 20. Nxc6 Rac8 21. Ne5 dxe5 22. Qc1 Nd7 23. Bd2 f6 24. Be3 g5 25. Qc4 Rc6 26. d4 exd4 27. Bxd4 Ne5 28. Be3 Nxc4 29. Rd7+ Kg6 30. Bc1 Ne5 31. Rd2 Rc7 32. Rd6 a5 33. Rd5 Rff7 34. Be3 Nd7 35. h4 gxh4 36. Bf4 Ne5 37. g3 hxg3 38. fxg3 Rfe7 39. Be3 Ng4 40. Bxc5 Rxe4 41. Rfd1 Ne3 42. Re1 Nxd5 43. Rxe4 Rxc5 44. Rg4+ Kf5 45. Rc4 Rxc4 46. bxc4 Ne3 47. c5 Ke6 48. Kf2 Nc4 49. c6 Kd6 50. b3 Na3 51. g4 Kxc6 52. Kf3 Kd7 53. Kf4 Ke7 54. Kf5 Kf7 55. Kf4 Kg6 56. Kg3 Nc2 57. a4 Nd4 58. Kf4 Nxb3 59. Kg3 Nc5 60. Kf4 Nxa4 61. Kg3 b3 62. Kf4 b2 63. Kg3 b1=Q 64. Kf4 Qb8+ 65. Kf3 Qb3+ 66. Kf4 Qc4+ 67. Kf3 f5 68. gxf5+ Kxf5 69. Kg3 Qe4 70. Kh3 Qf3+ 71. Kh4 Qg4# 0-1

[Event "Junior Online 4NCL Division 4"]
[Site "online"]
[Date "2021.09.30"]
[EventDate "2021.09.30"]
[Round "4.114"]
[White "Gehlote, Sohum Singh"]
[WhiteElo "1129"]
[WhiteTeam "Chess Challengers E"]
[Black "Iyer, Rishabh"]
[BlackElo "700"]
[BlackTeam "Edgware Gambits K"]
[Result "1-0"]
[PlyCount "67"]

1. e4 e5 2. Nf3 Nc6 3. Bc4 Bc5 4. Nc3 Nf6 5. O-O O-O 6. b3 d6 7. Bb2 Bg4 8. h3 Bh5 9. Nd5 Nxd5 10. Bxd5 Re8 11. Qe1 Qd7 12. g4 Bg6 13. Qc1 Nd4 14. Nxd4 Bxd4 15. Bxd4 exd4 16. Bxb7 Rad8 17. f3 Qb5 18. Bd5 Qb6 19. Re1 d3+ 20. Kh1 Qf2 21. cxd3 Rd7 22. Bc6 Rdd8 23. Bxe8 Rxe8 24. Qxc7 d5 25. e5 Bxd3 26. Rac1 h6 27. a4 Qxf3+ 28. Kg1 Be4 29. Rxe4 dxe4 30. Qxa7 Kh7 31. Rc7 Rd8 32. Rxf7 Qg3+ 33. Kf1 Kg6 34. Rxg7# 1-0

[Event "Junior Online 4NCL Division 4"]
[Site "online"]
[Date "2021.09.30"]
[EventDate "2021.09.30"]
[Round "4.115"]
[White "Ciutac, Stefan"]
[WhiteElo "1080"]
[WhiteTeam "Chess Challengers E"]
[Black "Szajman, Noah"]
[BlackElo "714"]
[BlackTeam "Edgware Gambits K"]
[Result "1-0"]
[PlyCount "123"]

1. e4 c5 2. Nc3 d6 3. Bc4 e6 4. d3 Nc6 5. f4 Nf6 6. Nf3 Bd7 7. O-O Be7 8. Bd2 O-O 9. a3 Qc7 10. Nb5 Qd8 11. Nc3 Ng4 12. Ne1 Nf6 13. Qf3 Na5 14. Ba2 Nc6 15. Qg3 e5 16. f5 Be6 17. fxe6 fxe6 18. Bh6 Nh5 19. Qg4 Qe8 20. Rxf8+ Qxf8 21. Qxh5 Qf7 22. Qxf7+ Kxf7 23. Be3 b6 24. Nf3 Nd4 25. Nxd4 cxd4 26. Bxd4 Kf6 27. Rf1+ Kg6 28. Be3 h5 29. Bxe6 Kh7 30. Rf7 Bd8 31. Rf8 g6 32. Bg5 Kg7 33. Rxd8 Rxd8 34. Bxd8 Kh6 35. Bc7 g5 36. Bxd6 h4 37. Bxe5 Kh5 38. Bb8 g4 39. Bxa7 g3 40. h3 Kg5 41. Bxb6 Kf4 42. Bd8 Ke5 43. Bg4 Kf4 44. Bxh4 Ke5 45. Bxg3+ Kd4 46. e5 Kc5 47. e6 Kc6 48. e7 Kb7 49. e8=R Ka6 50. Re5 Kb6 51. Na4+ Ka6 52. Bc8+ Ka7 53. Bf2+ Kb8 54. h4 Kxc8 55. h5 Kd8 56. h6 Kd7 57. h7 Kd6 58. d4 Kd7 59. h8=Q Kd6 60. Qf6+ Kc7 61. Re7+ Kd8 62. Qf8# 1-0

[Event "Junior Online 4NCL Division 4"]
[Site "online"]
[Date "2021.09.30"]
[EventDate "2021.09.30"]
[Round "4.116"]
[White "Trim, Xanthe"]
[WhiteElo "775"]
[WhiteTeam "Edgware Gambits K"]
[Black "Chavan, Aarav"]
[BlackElo "1065"]
[BlackTeam "Chess Challengers E"]
[Result "0-1"]
[PlyCount "76"]

1. d4 d6 2. e3 Nf6 3. c3 g6 4. Bb5+ Nc6 5. Nf3 Bg7 6. O-O Bd7 7. e4 a6 8. Ba4 O-O 9. Bg5 b5 10. Bxb5 axb5 11. b4 d5 12. exd5 Nxd5 13. c4 bxc4 14. Nfd2 c3 15. Nxc3 Nxc3 16. Qc2 Ne2+ 17. Kh1 Nexd4 18. Qd3 Nxb4 19. Qc4 Ndc6 20. Rac1 Rxa2 21. Nb1 Ra1 22. Nc3 Rxc1 23. Bxc1 Bxc3 24. Qxc3 Na2 25. Qc2 Nxc1 26. Qxc1 Bf5 27. Qe3 Qd5 28. Re1 Rd8 29. h4 e6 30. h5 gxh5 31. Kh2 Qd6+ 32. Kh1 Nb4 33. g3 Nc2 34. Re2 Nxe3 35. Rxe3 Qd1+ 36. Re1 Qxe1+ 37. Kh2 Qxf2+ 38. Kh1 Rd1# 0-1

[Event "Junior Online 4NCL Division 4"]
[Site "online"]
[Date "2021.09.30"]
[EventDate "2021.09.30"]
[Round "4.117"]
[White "Moiseev, Mikhail"]
[WhiteElo "1070"]
[WhiteTeam "Chess Challengers E"]
[Black "Iyer, Pranav"]
[BlackElo "700"]
[BlackTeam "Edgware Gambits K"]
[Result "0-1"]
[PlyCount "78"]

1. e4 e5 2. Nf3 Nc6 3. Nc3 Nf6 4. Be2 Be7 5. d3 d6 6. O-O O-O 7. Be3 Bd7 8. Nd5 Nxd5 9. exd5 Nb4 10. a3 Nxd5 11. Bd2 Be6 12. Qc1 h6 13. c4 Nf4 14. Bxf4 exf4 15. Qxf4 Bg5 16. Nxg5 hxg5 17. Qg3 Qe8 18. Qxg5 f6 19. Qd2 Bd7 20. Qb4 Ba4 21. Qxb7 Rb8 22. Qxa7 Rc8 23. Qd4 Bc6 24. Rfe1 Qg6 25. Qg4 Qf7 26. Bf3 Bd7 27. Qe4 c6 28. Qe7 Be8 29. Qxf7+ Bxf7 30. a4 Ra8 31. Bxc6 Rab8 32. Bb5 Rbc8 33. a5 Rc7 34. a6 Rfc8 35. a7 Ra8 36. Re4 Bg6 37. Rd4 Rcxa7 38. Rxa7 Rxa7 39. Rxd6 Ra1# 0-1

[Event "Junior Online 4NCL Division 4"]
[Site "online"]
[Date "2021.09.30"]
[EventDate "2021.09.30"]
[Round "4.118"]
[White "Iyer, Rishabh"]
[WhiteElo "700"]
[WhiteTeam "Edgware Gambits K"]
[Black "Gehlote, Sohum Singh"]
[BlackElo "1129"]
[BlackTeam "Chess Challengers E"]
[Result "0-1"]
[PlyCount "100"]

1. e4 e5 2. Nf3 Nc6 3. Bc4 Bc5 4. Nc3 Nf6 5. d3 O-O 6. Bg5 h6 7. Bh4 g5 8. Bg3 Re8 9. O-O Nh7 10. h3 h5 11. Bh2 g4 12. hxg4 hxg4 13. Ng5 Qxg5 14. Re1 Qf6 15. Rf1 d6 16. Rc1 Nd4 17. Qxg4+ Bxg4 18. Rfe1 Nc6 19. Rf1 Ng5 20. Kh1 Qh6 21. f4 exf4 22. Rxf4 Be6 23. Bxe6 Rxe6 24. Rg4 Rg6 25. Rf1 Qh5 26. Rgf4 Rf8 27. Nd5 Rh6 28. Nf6+ Rxf6 29. Rxf6 Kg7 30. R1f5 Rh8 31. Rxf7+ Nxf7 32. Rxh5 Rxh5 33. g4 Rh4 34. Kg2 Nd4 35. Bg3 Rh6 36. Bf4 Rg6 37. Be3 Nxc2 38. Bxc5 dxc5 39. d4 Nxd4 40. Kg3 Ne2+ 41. Kf3 Nd4+ 42. Kf4 Rf6+ 43. Ke3 a5 44. Kd2 b5 45. Kd3 Rf3+ 46. Kd2 b4 47. g5 Nxg5 48. e5 c4 49. Kc1 Ne4 50. Kd1 Rf1# 0-1

[Event "Junior Online 4NCL Division 4"]
[Site "online"]
[Date "2021.09.30"]
[EventDate "2021.09.30"]
[Round "4.121"]
[White "Illingworth-Law, Oscar"]
[WhiteElo "1008"]
[WhiteTeam "Edgware Gambits G"]
[Black "Xue, Max"]
[BlackElo "1250"]
[BlackTeam "London Dragons Dysprosium"]
[Result "0-1"]
[PlyCount "78"]

1. e4 c5 2. c4 Nc6 3. Nf3 d6 4. Nc3 Nf6 5. d3 g6 6. Be2 Bg7 7. O-O O-O 8. Bf4 Qb6 9. Na4 Qc7 10. d4 cxd4 11. Nxd4 Nxd4 12. Qxd4 e5 13. Bxe5 dxe5 14. Qe3 Be6 15. b3 Ng4 16. Qg3 f5 17. h3 f4 18. Qh4 Bf6 19. hxg4 Bxh4 20. g3 fxg3 21. fxg3 Rxf1+ 22. Bxf1 Bxg3 23. Kg2 Bf4 24. Bd3 Bxg4 25. c5 Rd8 26. Bf1 Rd2+ 27. Kg1 Be3+ 28. Kh1 Bf3+ 29. Bg2 Rxg2 30. Rg1 Rxg1+ 31. Kh2 Rh1+ 32. Kg3 Bxe4 33. Kg4 Bf5+ 34. Kf3 Rh3+ 35. Kg2 Qc6+ 36. Kf1 Qf3+ 37. Ke1 Bf2+ 38. Kd2 Qe3+ 39. Kd1 Rh1# 0-1

[Event "Junior Online 4NCL Division 4"]
[Site "online"]
[Date "2021.09.30"]
[EventDate "2021.09.30"]
[Round "4.122"]
[White "Liu, Zhengzheng"]
[WhiteElo "1290"]
[WhiteTeam "London Dragons Dysprosium"]
[Black "Bengani, Arihant"]
[BlackElo "1013"]
[BlackTeam "Edgware Gambits G"]
[Result "1-0"]
[PlyCount "51"]

1. e4 e5 2. Nf3 Nc6 3. d4 exd4 4. Nxd4 Bc5 5. Nxc6 bxc6 6. Bf4 Bb7 7. Qg4 Nf6 8. Qxg7 Ke7 9. Bg5 Bd4 10. Nc3 c5 11. Bc4 Qg8 12. Qxg8 Rhxg8 13. Bxf6+ Kxf6 14. Nd5+ Kg7 15. O-O-O Bxd5 16. Bxd5 Rad8 17. f3 Be3+ 18. Kb1 Rb8 19. Bb3 Bd4 20. c3 Bf6 21. Rxd7 Bxc3 22. Rxf7+ Kh8 23. Rxc7 c4 24. Rxc4 Bd4 25. Rxd4 a5 26. Bxg8 1-0

[Event "Junior Online 4NCL Division 4"]
[Site "online"]
[Date "2021.09.30"]
[EventDate "2021.09.30"]
[Round "4.124"]
[White "Pan, Ailun"]
[WhiteElo "1220"]
[WhiteTeam "London Dragons Dysprosium"]
[Black "Patel, Kamran"]
[BlackElo "930"]
[BlackTeam "Edgware Gambits G"]
[Result "0-1"]
[PlyCount "65"]

1. e4 e5 2. Nf3 Nc6 3. Bc4 Be7 4. O-O Nf6 5. Nc3 O-O 6. Re1 h6 7. d3 d6 8. h3 Nd4 9. Be3 Nxf3+ 10. Qxf3 b6 11. Qg3 g5 12. h4 Nh7 13. Nd5 Bf6 14. Nxf6+ Qxf6 15. hxg5 Nxg5 16. f3 Bd7 17. Kf2 Rae8 18. Rh1 Kg7 19. Bxg5 hxg5 20. Rh5 Kg6 21. Rah1 Rg8 22. Rh6+ Kg7 23. Rxf6 Kxf6 24. Rh6+ Ke7 25. Rh5 f6 26. Bxg8 Rxg8 27. Rh7+ Ke8 28. Qh2 Be6 29. Qh5+ Kf8 30. Qh6+ Ke8 31. Qxf6 Bf7 32. Qxf7+ Kd8 33. Qd7# 0-1

[Event "Junior Online 4NCL Division 4"]
[Site "online"]
[Date "2021.09.30"]
[EventDate "2021.09.30"]
[Round "4.125"]
[White "Xue, Max"]
[WhiteElo "1250"]
[WhiteTeam "London Dragons Dysprosium"]
[Black "Illingworth-Law, Oscar"]
[BlackElo "1008"]
[BlackTeam "Edgware Gambits G"]
[Result "1-0"]
[PlyCount "111"]

1. e4 e5 2. Nc3 Nf6 3. f4 d6 4. Nf3 Nc6 5. Bb5 a6 6. Bxc6+ bxc6 7. fxe5 dxe5 8. Nxe5 Qd4 9. Nxc6 Qc5 10. e5 Qxc6 11. exf6 Qxg2 12. Qe2+ Qxe2+ 13. Kxe2 gxf6 14. Re1 Bg4+ 15. Kf2+ Kd7 16. Ne4 f5 17. Nf6+ Kc6 18. Nxg4 Bc5+ 19. d4 Bxd4+ 20. Be3 Bxb2 21. Rab1 Bc3 22. Rg1 fxg4 23. Rxg4 Bf6 24. Rc4+ Kd7 25. Rb7 Bh4+ 26. Kf3 Rac8 27. Bf4 Bd8 28. Ra7 a5 29. Rxa5 c5 30. Raxc5 Rxc5 31. Rxc5 Bb6 32. Rh5 Ke6 33. Be5 f6 34. Bb2 Rc8 35. c3 Ra8 36. a3 Rh8 37. Ke4 h6 38. Bc1 Rh7 39. Rxh6 Rxh6 40. Bxh6 f5+ 41. Kd3 Kf7 42. Bf4 Kg6 43. Kc4 Kh5 44. Kb5 Bg1 45. c4 Kg4 46. Bg3 f4 47. Bxf4 Kxf4 48. c5 Bxc5 49. Kxc5 Ke5 50. a4 Ke6 51. Kc6 Ke7 52. a5 Kd8 53. Kb7 Kd7 54. a6 Kd6 55. a7 Kc5 56. a8=Q 1-0

[Event "Junior Online 4NCL Division 4"]
[Site "online"]
[Date "2021.09.30"]
[EventDate "2021.09.30"]
[Round "4.126"]
[White "Bengani, Arihant"]
[WhiteElo "1013"]
[WhiteTeam "Edgware Gambits G"]
[Black "Liu, Zhengzheng"]
[BlackElo "1290"]
[BlackTeam "London Dragons Dysprosium"]
[Result "0-1"]
[PlyCount "46"]

1. e4 c5 2. d4 cxd4 3. Qxd4 Nc6 4. Qd1 Nf6 5. Nc3 e5 6. Nf3 Bb4 7. Bg5 h6 8. Bh4 Qe7 9. a3 Bxc3+ 10. bxc3 Qe6 11. Bb5 Nxe4 12. Bxc6 bxc6 13. Qb1 Nxc3 14. Qb2 Na4 15. Qxe5 Qxe5+ 16. Nxe5 O-O 17. O-O Re8 18. Nc4 Re4 19. Rfe1 Rxc4 20. Re8+ Kh7 21. Be7 Re4 22. Rd1 Nc3 23. Rd3 Re1# 0-1

[Event "Junior Online 4NCL Division 4"]
[Site "online"]
[Date "2021.09.30"]
[EventDate "2021.09.30"]
[Round "4.128"]
[White "Patel, Kamran"]
[WhiteElo "930"]
[WhiteTeam "Edgware Gambits G"]
[Black "Pan, Ailun"]
[BlackElo "1220"]
[BlackTeam "London Dragons Dysprosium"]
[Result "1-0"]
[PlyCount "87"]

1. d4 d5 2. Nf3 Nf6 3. Bf4 Bf5 4. e3 a6 5. Nbd2 e6 6. c3 Bd6 7. Bg3 Bxg3 8. hxg3 Nc6 9. Nh4 Bg6 10. Nxg6 fxg6 11. Bd3 Qd6 12. Bxg6+ Kd7 13. Bd3 Rae8 14. Qb3 Qe7 15. O-O-O Kc8 16. Qa4 Qd6 17. Nb3 Ng4 18. Rdf1 Ref8 19. f3 Nxe3 20. Re1 Nc4 21. Bxc4 dxc4 22. Nc5 Rf6 23. Qxc4 b5 24. Qb3 Na5 25. Qa3 Qb6 26. Ne4 Nc4 27. Qe7 Rg6 28. Nc5 Rd8 29. Nxe6 Rd7 30. Qe8+ Kb7 31. Qxd7 Rxg3 32. Re2 b4 33. cxb4 Nd6 34. Rc2 Nb5 35. Rxh7 Rg6 36. Nd8+ Ka7 37. Nc6+ Kb7 38. Nd8+ Ka7 39. Ne6 Rxe6 40. Rxg7 Re1+ 41. Kd2 Qe6 42. Rxc7+ Nxc7 43. Qxc7+ Ka8 44. Qb7# 1-0

[Event "Junior Online 4NCL Division 4"]
[Site "online"]
[Date "2021.09.30"]
[EventDate "2021.09.30"]
[Round "4.131"]
[White "Twomey, Liam"]
[WhiteElo "1812"]
[WhiteTeam "Cork Juniors"]
[Black "Nikolov, Alexander"]
[BlackElo "1396"]
[BlackTeam "Desert Penguins Neptune"]
[Result "1-0"]
[PlyCount "65"]

1. e4 c5 2. c3 d5 3. exd5 Qxd5 4. Nf3 Bg4 5. Be2 Nf6 6. Na3 a6 7. Nc4 Qd8 8. h3 Bf5 9. d4 e6 10. Be3 cxd4 11. Nxd4 Be4 12. Bf3 Bc5 13. Bxe4 Nxe4 14. Qg4 Nf6 15. Qxg7 Rg8 16. Nxe6 Rxg7 17. Nxd8 Bxe3 18. Nxb7 Bf4 19. O-O Kf8 20. Rad1 Nc6 21. g3 Bxg3 22. fxg3 Rxg3+ 23. Kh2 Ne4 24. Ncd6 Re3 25. Rxf7+ Kg8 26. Rg1+ Kh8 27. Nxe4 Rxe4 28. Rgg7 Re2+ 29. Kh1 Rxb2 30. Rxh7+ Kg8 31. Rfg7+ Kf8 32. Nc5 Re8 33. Nd7# 1-0

[Event "Junior Online 4NCL Division 4"]
[Site "online"]
[Date "2021.09.30"]
[EventDate "2021.09.30"]
[Round "4.132"]
[White "Turakulov, Farid"]
[WhiteElo "1361"]
[WhiteTeam "Desert Penguins Neptune"]
[Black "Barot, Jwalant"]
[BlackElo "1186"]
[BlackTeam "Cork Juniors"]
[Result "0-1"]
[PlyCount "94"]

1. e4 e5 2. Nf3 Nc6 3. Bc4 Nf6 4. d3 Bc5 5. Ng5 O-O 6. O-O h6 7. Nf3 d6 8. Nc3 Bg4 9. h3 Bxf3 10. Qxf3 Nd4 11. Qd1 a6 12. Be3 b6 13. Bd5 Rc8 14. Bb7 Rb8 15. Bxa6 b5 16. Bxd4 Bxd4 17. Nxb5 Bxb2 18. Rb1 Bd4 19. c3 Bb6 20. c4 Ra8 21. Bb7 Rxa2 22. Ra1 Rxa1 23. Qxa1 Qb8 24. Bc6 Nh5 25. Qd1 Nf4 26. g3 Nxh3+ 27. Kg2 Ng5 28. Qg4 Qc8 29. Bd7 Qd8 30. Bf5 Qf6 31. Nc3 g6 32. Nd5 Qd8 33. Bd7 h5 34. Qh3 Nxh3 35. Bxh3 c6 36. Nb4 c5 37. Nd5 f6 38. Rb1 Bc7 39. Rb7 Ba5 40. Be6+ Kh8 41. Rd7 Qb8 42. Re7 Qb2 43. Bc8 Rxc8 44. Nxf6 Rc7 45. Re8+ Kg7 46. Nxh5+ gxh5 47. Rxe5 dxe5 0-1

[Event "Junior Online 4NCL Division 4"]
[Site "online"]
[Date "2021.09.30"]
[EventDate "2021.09.30"]
[Round "4.133"]
[White "Schmidt, Eoin"]
[WhiteElo "1097"]
[WhiteTeam "Cork Juniors"]
[Black "Donati Plutino, Francesco Rodolfo"]
[BlackElo "1074"]
[BlackTeam "Desert Penguins Neptune"]
[Result "0-1"]
[PlyCount "50"]

1. e4 c5 2. Nf3 d6 3. Bb5+ Bd7 4. Bxd7+ Nxd7 5. Nc3 e6 6. d3 Ngf6 7. Bf4 Be7 8. e5 dxe5 9. Bxe5 O-O 10. Bxf6 Nxf6 11. Ne4 b6 12. O-O Qc7 13. d4 Nxe4 14. dxc5 Qxc5 15. Qd3 Nf6 16. a3 Rfd8 17. Qe2 Bd6 18. Rfd1 Bc7 19. Rxd8+ Rxd8 20. h3 h6 21. b3 e5 22. a4 e4 23. Nd2 Qxc2 24. Rd1 Bf4 25. Qc4 Qxd1+ 0-1

[Event "Junior Online 4NCL Division 4"]
[Site "online"]
[Date "2021.09.30"]
[EventDate "2021.09.30"]
[Round "4.134"]
[White "Mourat, Emil"]
[WhiteElo "813"]
[WhiteTeam "Desert Penguins Neptune"]
[Black "Philip, Tom"]
[BlackElo "939"]
[BlackTeam "Cork Juniors"]
[Result "1-0"]
[PlyCount "51"]

1. d4 d5 2. c4 Nf6 3. Nc3 dxc4 4. e3 Be6 5. Nf3 Bd5 6. Be2 e6 7. a3 Be7 8. O-O O-O 9. e4 Nxe4 10. Nxe4 Bxe4 11. Bxc4 Nc6 12. Re1 Bxf3 13. Qxf3 Nxd4 14. b3 Nxf3+ 15. gxf3 b6 16. Bb2 c5 17. Re4 Bh4 18. Rg4 g6 19. Kg2 Qd2 20. Rxh4 Qg5+ 21. Kh3 Qf5+ 22. Kg3 g5 23. Rg4 h5 24. Bd3 Qe5+ 25. Bxe5 Rad8 26. Rxg5# 1-0

[Event "Junior Online 4NCL Division 4"]
[Site "online"]
[Date "2021.09.30"]
[EventDate "2021.09.30"]
[Round "4.135"]
[White "Nikolov, Alexander"]
[WhiteElo "1396"]
[WhiteTeam "Desert Penguins Neptune"]
[Black "Twomey, Liam"]
[BlackElo "1812"]
[BlackTeam "Cork Juniors"]
[Result "1-0"]
[PlyCount "109"]

1. d4 e6 2. a3 Nf6 3. c4 b6 4. Nc3 Be7 5. e4 d6 6. Bg5 Bb7 7. d5 Nxd5 8. exd5 Bxg5 9. Nf3 Bf6 10. dxe6 fxe6 11. Qc2 Bxf3 12. gxf3 Bxc3+ 13. Qxc3 Qf6 14. Qxf6 gxf6 15. Rg1 Kf7 16. Bg2 Rg8 17. O-O-O Nd7 18. f4 Rad8 19. Bc6 Rxg1 20. Rxg1 Nc5 21. Kc2 d5 22. cxd5 exd5 23. Rd1 Ke6 24. Bb5 Ne4 25. f3 Nc5 26. b4 a6 27. Bc4 dxc4 28. Rxd8 Nd3 29. Rd4 b5 30. Kc3 f5 31. h3 c6 32. h4 Ke7 33. h5 h6 34. a4 bxa4 35. Rxc4 Ne1 36. Rxc6 Nxf3 37. Rxa6 a3 38. Rxa3 Kf7 39. b5 Ke7 40. b6 Kd7 41. b7 Kc7 42. Rb3 Kb8 43. Rb6 Nh4 44. Kd4 Nf3+ 45. Kd5 Nd2 46. Ke6 Nc4 47. Rb4 Ne3 48. Rb3 Nc2 49. Kf6 Nd4 50. Rb2 Nc6 51. Kxf5 Nd4+ 52. Kg6 Ne6 53. f5 Nf4+ 54. Kxh6 Nd3 55. Rb5 1-0